[Event "GEO chT Clubs 2017"]
[Site "Tbilisi"]
[Date "2017.12.03"]
[Round "5"]
[White "Shanava, Konstantine"]
[Black "Petriashvili, Nikoloz"]
[Result "1/2-1/2"]
[WhiteElo "2494"]
[BlackElo "2342"]
[Annotator "TA"]
[PlyCount "59"]
[EventDate "2017.??.??"]
[EventCountry "GEO"]
[SourceTitle "playchess.com"]
[Source "ChessBase"]
[SourceQuality "1"]

{[%evp 13,59,15,32,0,5,3,7,0,7,1,0,0,6,8,16,0,20,5,14,0,0,0,0,-27,-25,-22,-14,-24,-20,-22,-7,-42,-31,-34,-14,-12,0,0,0,0,0,0,0,0,0,0,0,0]} 1. e4 e5 2. Nf3 Nf6 3. Nxe5 d6 4. Nf3 Nxe4 5. Qe2 Qe7 6. Nc3 Nxc3 7. dxc3 Nc6 {LiveBook: 5 Games. C42: Petroff Defence: 3 Nxe5 and unusual White 3rd moves} 8. Bg5 Qxe2+ 9. Bxe2 Be7 10. Bxe7 Kxe7 11. Nd4 Nxd4 12. cxd4 Kf6 $146 ({Predecessor:} 12... Bd7 13. Bf3 c6 14. O-O-O Rhe8 15. Rhe1+ Kf6 {½-½ (15) Prandstetter,E (2405)-Kochyev,A (2505) Stary Smokovec 1982}) 13. Kd2 c6 14. c3 Bf5 15. Bd3 Rhe8 16. Bxf5 Kxf5 $11 {[%mdl 4096] Endgame KRR-KRR} 17. Rae1 h5 18. Re2 Rxe2+ 19. Kxe2 {KR-KR} Re8+ 20. Kd2 g5 21. Rf1 h4 22. Kd3 d5 23. a4 Re7 24. a5 {The position is equal.} a6 25. Kd2 f6 26. h3 Kg6 27. f4 Re8 28. fxg5 fxg5 29. Rf3 Re7 30. Rf1 {Precision: White = 57%, Black = 46%.} 1/2-1/2

[Event "GEO chT Clubs 2017"]
[Site "Tbilisi"]
[Date "2017.12.03"]
[Round "5"]
[White "Beradze, Irakli"]
[Black "Sturua, Zurab"]
[Result "1-0"]
[WhiteElo "2460"]
[BlackElo "2535"]
[Annotator "TA"]
[PlyCount "75"]
[EventDate "2017.??.??"]
[EventCountry "GEO"]
[SourceTitle "playchess.com"]
[Source "ChessBase"]
[SourceQuality "1"]

{[%evp 16,75,0,0,12,6,13,-15,19,19,32,19,25,20,33,31,35,19,33,32,45,15,10,4,16,26,32,36,38,38,43,32,26,28,41,49,43,37,34,22,36,37,39,50,51,19,32,17,25,16,44,47,96,116,180,164,161,168,209,189,189,128]} 1. Nf3 Nf6 2. g3 g6 3. b3 d6 4. Bb2 e5 5. Bg2 Bg7 6. O-O O-O 7. c4 Re8 8. d3 c6 9. Nbd2 {LiveBook: 12 Games. A15: English Opening: 1...Nf6} c5 (9... a5 10. a3 Nh5 11. Qc2 c5 12. Ne4 Nc6 13. e3 f5 14. Nc3 Nf6 15. Rad1 h6 16. Nd2 Be6 {0-1 (63) Artemiev,V (2662)-Morozevich,A (2712) Moscow 2014}) 10. a3 $146 ({Predecessor:} 10. Ng5 Nc6 {½-½ (10) Dizdar,G (2530)-Cvitan,O (2560) Pula 1998}) 10... Nc6 11. Rc1 {The position is equal.} a5 12. Nb1 Bd7 13. Nc3 Ne7 14. Rb1 h6 15. e3 Bc6 16. e4 Rb8 17. Qe2 Bd7 18. Bc1 (18. Nb5 $5 {[%cal Rb5d6]}) 18... Nc6 19. Nb5 Bc8 20. Bd2 Nh7 21. b4 axb4 22. axb4 Nf8 23. Ne1 Ne6 24. Nc2 b6 25. Ra1 Bb7 26. h4 h5 27. Qd1 Bf8 28. Bh3 Ra8 29. Rxa8 Bxa8 30. Nc3 cxb4 31. Nd5 b3 32. Na3 {White wants to play Bxe6.} Ncd4 {Hoping for ...Bxd5.} 33. Bxe6 $1 Rxe6 {[#]} 34. Be3 $1 f5 (34... b2 $16) 35. Bxd4 $1 $18 {White is clearly better.} exd4 36. exf5 ({Don't play} 36. Qxb3 fxe4 37. c5 Kh8 $16) 36... Re5 37. fxg6 b2 38. Qb3 {Precision: White = 60%, Black = 38%.} (38. Qd2 $18) 1-0

[Event "GEO chT Clubs 2017"]
[Site "Tbilisi"]
[Date "2017.12.03"]
[Round "5"]
[White "Charkhalashvili, Inga"]
[Black "Gvetadze, Sofio"]
[Result "1/2-1/2"]
[WhiteElo "2355"]
[BlackElo "2289"]
[Annotator "NA"]
[PlyCount "112"]
[EventDate "2017.??.??"]
[EventCountry "GEO"]
[SourceTitle "playchess.com"]
[Source "ChessBase"]
[SourceQuality "1"]

1. d4 Nf6 2. c4 c5 3. Nf3 cxd4 4. Nxd4 Nc6 5. Nc3 g6 6. e3 Bg7 7. Be2 O-O 8. Nc2 d6 9. O-O Nd7 10. Bd2 a5 11. Be1 Nc5 12. Nd4 Bd7 13. Nd5 Rc8 14. Rc1 Re8 15. b3 e6 16. Nc3 Nxd4 17. exd4 Na6 18. Bf3 Qb6 19. Ne4 Qc7 20. Nc3 Qb6 21. Ne4 Qc7 22. c5 dxc5 23. dxc5 Bb5 24. Be2 Red8 25. Bd2 Bc6 26. Nd6 Ra8 27. Bxa6 Rxa6 28. Qe2 Bd5 29. Bg5 Rda8 30. Nb5 Qc8 31. Rfd1 h6 32. Be3 Bc6 33. Nd6 Qf8 34. a3 Bd5 35. Rb1 Rxd6 36. cxd6 Qxd6 37. b4 axb4 38. axb4 Qe5 39. Qg4 h5 40. Qf4 Qxf4 41. Bxf4 b5 42. h3 Ra4 43. Bd6 g5 44. Rbc1 Bc4 45. Bc5 Kh7 46. Rd7 Kg6 47. Ra7 Rxa7 48. Bxa7 Be5 49. Bc5 Kf5 50. Rd1 Bd5 51. Rd3 Bf6 52. Ra3 g4 53. hxg4+ hxg4 54. Ra7 Kg6 55. Ra5 Bc4 56. Ra8 Bc3 1/2-1/2

[Event "GEO chT Clubs 2017"]
[Site "Tbilisi"]
[Date "2017.12.03"]
[Round "5"]
[White "Khomeriki, Nino"]
[Black "Tsatsalashvili, Keti"]
[Result "0-1"]
[WhiteElo "2334"]
[BlackElo "2285"]
[Annotator "NA"]
[PlyCount "128"]
[EventDate "2017.??.??"]
[EventCountry "GEO"]
[SourceTitle "playchess.com"]
[Source "ChessBase"]
[SourceQuality "1"]

1. d4 d5 2. Nf3 Nf6 3. c4 e6 4. Nc3 Bb4 5. Bg5 h6 6. Bxf6 Qxf6 7. Qa4+ Nc6 8. e3 O-O {D38: Queen's Gambit Declined: Ragozin Defence (4 Nf3 Bb4)} 9. Be2 a6 (9... Bd7 10. Qb3 dxc4 11. Qxc4 Qg6 12. O-O Bd6 13. Rac1 Na5 14. Qd3 Qxd3 15. Bxd3 Rac8 16. Ne4 {½-½ (32) Bu,X (2713)-Ni,H (2674) China 2017}) 10. Qb3 dxc4 11. Qxc4 {LiveBook: 5 Games} Qe7 12. O-O Bxc3 $146 ({Predecessor:} 12... Re8 13. Rac1 Rb8 14. Ne4 Bd6 15. Rfd1 Bd7 16. a3 {1-0 (34) Abdulla,A (2510)-Hasan,M (2240) Dhaka 2013}) 13. Qxc3 Bd7 14. Rfc1 Rac8 15. a3 Rfe8 16. Bc4 Na7 17. Ne5 Nb5 18. Bxb5 axb5 19. Qc5 f6 20. Nd3 Qxc5 21. Rxc5 Red8 22. Rac1 c6 23. R5c3 Rc7 24. Nc5 Kf7 25. f4 Ke7 26. Kf2 Be8 27. g4 $11 Bf7 28. Nd3 Bg6 29. f5 exf5 30. Nf4 Bh7 31. Rc5 Kd6 32. d5 Re8 33. gxf5 Re5 34. e4 Rce7 35. Ne6 cxd5 36. Rd1 Bxf5 37. Rdxd5+ Kxe6 38. exf5+ Kxf5 39. Rxb5 Rc7 40. Rxe5+ fxe5 41. Ke3 g5 42. a4 h5 43. a5 g4 44. Rb6 h4 45. Rh6 Kg5 46. Re6 Rc5 47. Rb6 Rxa5 48. Rxb7 Ra1 49. Rg7+ Kf5 50. Rf7+ Kg6 51. Rf8 Re1+ 52. Kf2 Rb1 53. Rb8 Kf5 54. Ke3 Re1+ 55. Kf2 Rh1 56. Kg2 Rc1 57. Rf8+ Ke4 58. b4 Rc2+ 59. Kg1 Rb2 60. Rg8 Kf4 61. Rf8+ Ke3 62. Re8 e4 63. Rg8 h3 64. Rf8 Rb1+ 0-1

[Event "GEO chT Clubs 2017"]
[Site "Tbilisi"]
[Date "2017.12.03"]
[Round "5"]
[White "Mgeladze, Tamaz"]
[Black "Benidze, Davit"]
[Result "1/2-1/2"]
[WhiteElo "2299"]
[BlackElo "2505"]
[Annotator "TA"]
[PlyCount "28"]
[EventDate "2017.??.??"]
[EventCountry "GEO"]
[SourceTitle "playchess.com"]
[Source "ChessBase"]
[SourceQuality "1"]

{[%evp 27,28,0,24]} 1. e4 c5 2. Nf3 g6 3. d4 cxd4 4. Nxd4 Bg7 5. c4 Nc6 6. Be3 Qb6 7. Nb3 Qd8 8. Nd4 $146 ({Vorgänger:} 8. Qd2 Nf6 9. Nc3 O-O 10. Be2 d6 11. O-O a5 12. Nd4 a4 13. Ndb5 Qa5 14. f3 Be6 {½-½ (22) Bacrot,E (2715)-Iturrizaga Bonelli,E (2662) Linares 2017}) 8... Qb6 9. Nb3 Qd8 10. Nd4 Qb6 11. Nb3 Qd8 12. Nd4 Qb6 13. Nb3 Qd8 14. Nd4 Qb6 1/2-1/2

[Event "GEO chT Clubs 2017"]
[Site "Tbilisi"]
[Date "2017.12.03"]
[Round "5"]
[White "Ghvamberia, Nika"]
[Black "Bechvaia, Giorgi"]
[Result "1-0"]
[WhiteElo "2230"]
[BlackElo "1937"]
[Annotator "NA"]
[PlyCount "91"]
[EventDate "2017.??.??"]
[EventCountry "GEO"]
[SourceTitle "playchess.com"]
[Source "ChessBase"]
[SourceQuality "1"]

1. e4 c6 2. d4 d5 3. exd5 cxd5 4. c4 Nf6 5. Nc3 e6 6. Nf3 Be7 7. cxd5 Nxd5 8. Bc4 Nb6 9. Bb3 Nc6 10. O-O $14 {LiveBook: 21 Games} O-O 11. Re1 Nb4 12. a3 N4d5 13. Qd3 Nf6 14. Bg5 Nbd5 15. h4 Nc7 16. Rad1 b6 17. Ne5 Bb7 18. Bc2 Ncd5 19. h5 a5 20. Bb1 Rc8 21. Bxf6 Nxf6 22. Ng4 g6 23. hxg6 hxg6 24. Rxe6 Rxc3 25. bxc3 Qd5 26. Nxf6+ Bxf6 27. Re4 Qxe4 28. Qxe4 Bxe4 29. Bxe4 Rc8 30. Rd3 Be7 31. a4 Rc4 32. Bd5 Rxa4 33. Rf3 Ra1+ 34. Kh2 Bd6+ 35. g3 a4 36. Rxf7 Bf8 37. Rb7+ Kh8 38. Rxb6 a3 39. Rxg6 Bg7 40. Ra6 Bf8 41. Be6 Rc1 42. c4 Bb4 43. Ra4 Rb1 44. c5 Kg7 45. c6 Bd6 46. Rxa3 1-0

[Event "GEO chT Clubs 2017"]
[Site "Tbilisi"]
[Date "2017.12.03"]
[Round "5"]
[White "Tsomaia, Nikoloz"]
[Black "Zardiashvili, Akaki"]
[Result "1-0"]
[WhiteElo "2195"]
[BlackElo "1880"]
[Annotator "NA"]
[PlyCount "129"]
[EventDate "2017.??.??"]
[EventCountry "GEO"]
[SourceTitle "playchess.com"]
[Source "ChessBase"]
[SourceQuality "1"]

1. Nf3 Nc6 2. c4 e5 3. d3 f5 4. e3 Nf6 5. Be2 Bb4+ 6. Bd2 Qe7 7. O-O a5 8. a3 Bxd2 9. Nfxd2 O-O 10. Nc3 Kh8 11. Qc2 Qf7 12. Rab1 Nd8 13. b4 Ne6 14. c5 Qg6 15. Nc4 e4 16. Nxa5 b6 17. cxb6 cxb6 18. dxe4 Nxe4 19. Nxe4 bxa5 20. Nc5 Ng5 21. f4 d6 22. fxg5 dxc5 23. Bf3 Rb8 24. Qxc5 Be6 25. h4 a4 26. Rbc1 f4 27. h5 Qd3 28. h6 Qxe3+ 29. Qxe3 fxe3 30. Rfe1 gxh6 31. Rxe3 Bb3 32. gxh6 Rf6 33. Rc6 Rbf8 34. b5 Rf5 35. b6 Rb5 36. Re7 Bg8 37. b7 Rb3 38. Rc8 Rxb7 39. Rxh7+ Kxh7 40. Rxf8 Re7 41. g4 Bc4 42. Rf6 Bd3 43. Kf2 Bg6 44. Ra6 Kxh6 45. Rxa4 Kg5 46. Kg3 Re3 47. Ra5+ Kf6 48. Kf4 Rc3 49. Ra6+ Kg7 50. Ra7+ Kf8 51. Bd5 Rc5 52. Ke5 Be8 53. Kd6 Rb5 54. g5 Rb6+ 55. Ke5 Rg6 56. Kf5 Rd6 57. Be6 Rd3 58. Kf6 Rf3+ 59. Bf5 Bc6 60. Rf7+ Kg8 61. Rc7 Be8 62. Rc8 Re3 63. g6 Kf8 64. g7+ Kg8 65. Be6+ 1-0

[Event "GEO chT Clubs 2017"]
[Site "Tbilisi"]
[Date "2017.12.03"]
[Round "5"]
[White "Khmiadashvili, Tamar"]
[Black "Tevzadze, Mariam"]
[Result "0-1"]
[WhiteElo "2037"]
[BlackElo "1912"]
[Annotator "NA"]
[PlyCount "56"]
[EventDate "2017.??.??"]
[EventCountry "GEO"]
[SourceTitle "playchess.com"]
[Source "ChessBase"]
[SourceQuality "1"]

1. d4 Nf6 2. Nf3 d6 3. Nc3 Nbd7 4. e4 e5 5. h3 Be7 6. Be3 c6 7. g4 h6 8. a4 Qc7 9. Bd3 b6 10. d5 cxd5 11. exd5 Nc5 12. Be2 a6 13. Nd2 Rb8 14. b4 Nd3+ 15. cxd3 Qxc3 16. O-O Nxd5 17. Ne4 Qc7 18. Bd2 Be6 19. d4 O-O 20. Bxa6 f5 21. Ng3 fxg4 22. hxg4 Nf4 23. Rc1 Qa7 24. Bb5 Kh8 25. Be3 Bh4 26. Ne4 d5 27. Nd2 e4 28. f3 Qe7 0-1

[Event "GEO chT Clubs 2017"]
[Site "Tbilisi"]
[Date "2017.12.03"]
[Round "5"]
[White "Khvadagiani, Nika"]
[Black "Kitesashvili, Giorgi"]
[Result "1-0"]
[WhiteElo "2024"]
[BlackElo "1839"]
[Annotator "NA"]
[PlyCount "59"]
[EventDate "2017.??.??"]
[EventCountry "GEO"]
[SourceTitle "playchess.com"]
[Source "ChessBase"]
[SourceQuality "1"]

1. d4 Nf6 2. Nf3 c5 3. c4 e6 4. e3 a6 5. Nc3 d5 6. b3 Nc6 7. Be2 Bd6 8. O-O Ne4 9. Bb2 cxd4 10. Nxe4 dxe4 11. Nxd4 Ne5 12. Qc2 f5 13. Rad1 Qh4 14. g3 Qh3 15. c5 Bc7 16. f4 Ng4 17. Bxg4 Qxg4 18. c6 b5 19. Ba3 Kf7 20. Rd2 e5 21. fxe5 Bxe5 22. c7 Bxd4 23. Rxd4 Be6 24. Rxe4 Qg6 25. Rxe6 Qxe6 26. Rxf5+ Ke8 27. Qc5 Kd7 28. Re5 Rhe8 29. Rxe6 Rxe6 30. Qd5+ 1-0

[Event "GEO chT Clubs 2017"]
[Site "Tbilisi"]
[Date "2017.12.03"]
[Round "5"]
[White "Siprashvili, Ivane"]
[Black "Lomsadze, Davit"]
[Result "0-1"]
[WhiteElo "1998"]
[BlackElo "2346"]
[Annotator "ChessBase"]
[PlyCount "114"]
[EventDate "2017.??.??"]
[EventCountry "GEO"]
[SourceTitle "playchess.com"]
[Source "ChessBase"]
[SourceQuality "1"]

1. d4 Nf6 2. c4 c5 3. Nf3 b6 4. Nc3 Bb7 5. d5 d6 6. e4 Nbd7 7. Bd3 a6 8. a4 e5 9. h3 h5 10. Bg5 Be7 11. Qd2 Nf8 12. g3 Ng6 13. Bxf6 Bxf6 14. h4 Qc7 15. Bf1 Bc8 16. Bh3 Bxh3 17. Rxh3 Bd8 18. Rh1 Rb8 19. Qe2 Qd7 20. Nd2 f5 21. exf5 Ne7 22. f4 Nxf5 23. fxe5 Nxg3 24. e6 Qe7 25. Qd3 Nxh1 26. Qg6+ Kf8 27. O-O-O Rh6 28. Rf1+ Kg8 29. Qg2 Qxh4 30. Rxh1 Qg4 31. Qh2 Bg5 32. Qxd6 Rd8 33. Qh2 Rxe6 34. Kc2 Bf4 35. Qxh5 Qxh5 36. Rxh5 Rh6 37. Rf5 Rf8 38. Rxf8+ Kxf8 39. Nde4 a5 40. Kd3 Be5 41. Nb5 Ke7 42. b3 Rh3+ 43. Kc2 Rh4 44. Kd3 Rh3+ 45. Kc2 Re3 46. Ng5 Bf6 47. Ne6 g5 48. Kd2 Rxb3 49. Ke2 g4 50. Nf4 Kd7 51. d6 Be5 52. Nd5 Bxd6 53. Nf6+ Kc6 54. Nxg4 Rb4 55. Kd3 Rxa4 56. Ne3 Rb4 57. Nc3 Be5 {Kd4} 0-1

[Event "GEO chT Clubs 2017"]
[Site "Tbilisi"]
[Date "2017.12.03"]
[Round "5"]
[White "Volkov, Nika"]
[Black "Nachqebia, Luka"]
[Result "1-0"]
[WhiteElo "1982"]
[BlackElo "1996"]
[Annotator "NA"]
[PlyCount "91"]
[EventDate "2017.??.??"]
[EventCountry "GEO"]
[SourceTitle "playchess.com"]
[Source "ChessBase"]
[SourceQuality "1"]

1. d4 Nf6 2. c4 e6 3. Nc3 b6 4. a3 Bb7 5. Qc2 Be7 6. e4 d6 7. Bd3 e5 8. Nge2 Nbd7 9. f4 exd4 10. Nxd4 Nc5 11. O-O O-O 12. b4 Nxd3 13. Qxd3 a5 14. Rb1 axb4 15. axb4 Re8 16. Bb2 c5 17. Nf5 Bf8 18. Nd5 Bxd5 19. cxd5 Nxe4 20. Rbe1 Qc8 21. Qh3 f6 22. b5 g6 23. Nh6+ Bxh6 24. Qxh6 Qd7 25. f5 Qg7 26. Qh3 Nd2 27. Rxe8+ Rxe8 28. Ra1 Nc4 29. Bc3 Qe7 30. Re1 Ne5 31. Qg3 Qf7 32. h3 Kg7 33. Rd1 Qd7 34. fxg6 hxg6 35. Ra1 Qb7 36. h4 Ra8 37. Bxe5 fxe5 38. Rf1 Qxd5 39. h5 Qe6 40. Qg5 Rh8 41. hxg6 Rf8 42. Rxf8 Kxf8 43. Qh6+ Ke7 44. Qh7+ Kf6 45. g7 Qg4 46. g8=Q 1-0

[Event "GEO chT Clubs 2017"]
[Site "Tbilisi"]
[Date "2017.12.03"]
[Round "5"]
[White "Janiashvili, Mariami"]
[Black "Bechvaia, Maia"]
[Result "1/2-1/2"]
[WhiteElo "1952"]
[BlackElo "1691"]
[Annotator "NA"]
[PlyCount "74"]
[EventDate "2017.??.??"]
[EventCountry "GEO"]
[SourceTitle "playchess.com"]
[Source "ChessBase"]
[SourceQuality "1"]

1. d4 d5 2. e3 Nf6 3. Bd3 e6 4. f4 c5 5. c3 Nc6 6. Nd2 c4 7. Bc2 b5 8. Ngf3 b4 9. O-O Bd6 10. Ne5 Ne7 11. e4 O-O 12. Nexc4 dxc4 13. e5 Ne8 14. exd6 Nxd6 15. Nf3 bxc3 16. Bxh7+ Kxh7 17. Ng5+ Kg8 18. Qh5 Re8 19. Qh7+ Kf8 20. Qh8+ Ng8 21. f5 cxb2 22. Nh7+ Ke7 23. Bxb2 Nxf5 24. Rxf5 exf5 25. Qxg7 Qd5 26. Re1+ Be6 27. Re5 Qd6 28. d5 Kd7 29. dxe6+ Rxe6 30. Qxf7+ Ne7 31. Rxe6 Qxe6 32. Nf6+ Kd6 33. Ba3+ Ke5 34. Bb2+ Kd6 35. Ba3+ Ke5 36. Bb2+ Kd6 37. Ba3+ Ke5 1/2-1/2

[Event "GEO chT Clubs 2017"]
[Site "Tbilisi"]
[Date "2017.12.03"]
[Round "5"]
[White "Kikilashvili, Soso"]
[Black "Licheli, Luka"]
[Result "0-1"]
[WhiteElo "1875"]
[BlackElo "1974"]
[Annotator "NA"]
[PlyCount "58"]
[EventDate "2017.??.??"]
[EventCountry "GEO"]
[SourceTitle "playchess.com"]
[Source "ChessBase"]
[SourceQuality "1"]

1. b3 e5 2. Bb2 Nc6 3. e3 g6 4. Bb5 Bg7 5. f4 Nge7 6. Nf3 f6 7. fxe5 fxe5 8. O-O O-O 9. e4 h6 10. Nc3 d6 11. Qe1 g5 12. Nd5 Nxd5 13. Bc4 g4 14. Bxd5+ Kh7 15. Nh4 Rxf1+ 16. Kxf1 Nb4 17. Qf2 Nxc2 18. Rc1 Nb4 19. Qf7 c6 20. Bc4 Qf6+ 21. Kg1 d5 22. Rf1 Qxf7 23. Rxf7 Kg8 24. Rxg7+ Kxg7 25. Bxe5+ Kf7 26. exd5 cxd5 27. Bd6 dxc4 28. Bxb4 cxb3 29. axb3 Be6 0-1

[Event "GEO chT Clubs 2017"]
[Site "Tbilisi"]
[Date "2017.12.03"]
[Round "5"]
[White "Sanikidze, Salome"]
[Black "Imerlishvili, Tamar"]
[Result "1/2-1/2"]
[WhiteElo "1864"]
[BlackElo "1243"]
[Annotator "NA"]
[PlyCount "128"]
[EventDate "2017.??.??"]
[EventCountry "GEO"]
[SourceTitle "playchess.com"]
[Source "ChessBase"]
[SourceQuality "1"]

1. d4 d5 2. Nf3 Nf6 3. Bf4 Bf5 4. e3 e6 5. Be2 Be7 6. O-O O-O 7. h3 Nbd7 8. Nbd2 c5 9. Nh4 Bg6 10. Nxg6 hxg6 11. c3 c4 12. e4 b5 13. Bf3 Nb6 14. Re1 Nh7 15. Qe2 Bg5 16. Bg3 Bxd2 17. Qxd2 Ng5 18. Qf4 Nxf3+ 19. gxf3 Qf6 20. Qxf6 gxf6 21. Bc7 Rfe8 22. Bxb6 axb6 23. a3 f5 24. exd5 exd5 25. Re5 Rxe5 26. dxe5 b4 27. Kf1 bxc3 28. bxc3 b5 29. Ke2 f4 30. Kd2 Re8 31. Rb1 Rxe5 32. Rxb5 Rh5 33. Ke2 Kf8 34. a4 Re5+ 35. Kd2 Rh5 36. a5 Ke7 37. a6 Rh8 38. Rxd5 Ra8 39. Ra5 Kf6 40. h4 Kg7 41. Kc2 Kh6 42. Kb2 f5 43. Ka3 Kh5 44. Kb4 Kxh4 45. Kxc4 Kh3 46. Kd5 Kg2 47. Ra2 Kxf3 48. Ke5 g5 49. Kxf5 g4 50. c4 Rf8+ 51. Ke5 Re8+ 52. Kd5 g3 53. fxg3 fxg3 54. a7 g2 55. Rxg2 Kxg2 56. Kc6 Re6+ 57. Kb5 Re8 58. c5 Kf3 59. Kb6 Ke4 60. c6 Kd5 61. c7 Kd6 62. Kb7 Kd7 63. a8=Q Rxa8 64. Kxa8 Kxc7 1/2-1/2

[Event "GEO chT Clubs 2017"]
[Site "Tbilisi"]
[Date "2017.12.03"]
[Round "5"]
[White "Bechvaia, Gabriel"]
[Black "Lortkipanidze, Nodar"]
[Result "0-1"]
[WhiteElo "1806"]
[BlackElo "2261"]
[Annotator "ChessBase"]
[PlyCount "108"]
[EventDate "2017.??.??"]
[EventCountry "GEO"]
[SourceTitle "playchess.com"]
[Source "ChessBase"]
[SourceQuality "1"]

1. d4 e6 2. c4 b6 3. g3 Bb7 4. Nf3 f5 5. Bg2 Bb4+ 6. Bd2 Bxd2+ 7. Qxd2 Nf6 8. Nc3 Ne4 9. Qc2 Nxc3 10. Qxc3 O-O 11. O-O Be4 12. Ne5 Bxg2 13. Kxg2 d6 14. Nd3 Qf6 15. Rac1 Nd7 16. c5 bxc5 17. dxc5 d5 18. Qxf6 gxf6 19. c6 Ne5 20. Nc5 Kf7 21. Na6 Rac8 22. b3 Ke7 23. h3 h5 24. f4 Nf7 25. Rf3 Nd6 26. Nc5 Ne4 27. Nxe4 fxe4 28. Rfc3 f5 29. Kf2 Rg8 30. Rg1 Rg7 31. h4 Rb8 32. e3 Kd6 33. Rd1 Rb6 34. Rdc1 Rg8 35. Rc5 Ra6 36. a4 Rb8 37. R1c3 Rbb6 38. a5 Rxc6 39. b4 Kd7 40. Ke2 Rxc5 41. Rxc5 Rc6 42. Rb5 Kc8 43. a6 Rxa6 44. Kd2 Rc6 45. Ra5 Kb7 46. b5 Rc5 47. Ra6 Rxb5 48. Rxe6 a5 49. g4 a4 50. gxf5 a3 51. f6 a2 52. f7 a1=Q 53. f8=Q Qa2+ 54. Kc3 Qb2# {Kd4} 0-1

[Event "GEO chT Clubs 2017"]
[Site "Tbilisi"]
[Date "2017.12.03"]
[Round "5"]
[White "Chanturia, Lasha"]
[Black "Sibashvili, Giorgi"]
[Result "0-1"]
[WhiteElo "1799"]
[BlackElo "2400"]
[Annotator "NA"]
[PlyCount "74"]
[EventDate "2017.??.??"]
[EventCountry "GEO"]
[SourceTitle "playchess.com"]
[Source "ChessBase"]
[SourceQuality "1"]

1. b3 e5 2. Bb2 Nc6 3. e3 Nf6 4. Bb5 Bd6 5. Na3 Be7 {A01: Nimzowitsch-Larsen Opening} (5... a6 6. Be2 Be7 7. Nc4 e4 8. d4 d5 9. Ne5 O-O 10. Nxc6 bxc6 11. c4 a5 12. Qc2 Bb4+ 13. Bc3 {1-0 (34) Vachier Lagrave,M (2796)-Anand,V (2786) Stavanger 2017}) 6. Ne2 O-O {LiveBook: 5 Games} 7. O-O a6 $146 ({Predecessor:} 7... d5 8. c4 Nb4 9. d4 exd4 10. exd4 c6 11. Ba4 Bf5 12. Ng3 Bg6 13. Bc3 {0-1 (27) Shariyazdanov,A (2526)-Smirnov,P (2568) Cheliabinsk 2017}) 8. Bxc6 $1 dxc6 9. Nc4 e4 10. Ng3 Bg4 11. Qe1 Qd5 12. Ne5 Rad8 13. d4 exd3 14. cxd3 Bc8 15. Rd1 Qb5 16. d4 a5 17. Ne2 Rfe8 18. Nc4 a4 $15 19. Nc3 Qa6 20. Ne5 axb3 21. axb3 Qb6 22. Ba1 Qxb3 23. Rb1 Qe6 24. f3 Bd6 25. Ne2 Nd7 26. Nf4 Qe7 27. Nfd3 Nb6 28. Qc1 f6 29. Nc4 Nxc4 30. Qxc4+ Qf7 31. Qc1 b6 32. e4 Ba6 33. Rd1 c5 34. Nf4 cxd4 35. Bxd4 Bc4 36. Kh1 Bb3 37. Rd3 Bxf4 0-1